ARRUPE JESUIT UNIVERSITY

CORONAVIRUS -STOP THE SPREAD - CLEAN,DISINFECT,COVER

Interaction of folk and scientific beliefs in Shona medical practices (Record no. 92549)

MARC details
000 -LEADER
fixed length control field 00337nam a2200121Ia 4500
003 - CONTROL NUMBER IDENTIFIER
control field 0100
005 - DATE AND TIME OF LATEST TRANSACTION
control field 20180524101610.0
008 - FIXED-LENGTH DATA ELEMENTS--GENERAL INFORMATION
fixed length control field 130307s9999 xx 000 0 und d
040 ## - CATALOGING SOURCE
Transcribing agency ARRUPELIB
050 ## - LIBRARY OF CONGRESS CALL NUMBER
Classification number GN645.C34 1972
300 ## - PHYSICAL DESCRIPTION
Dimensions 29cm.
100 ## - MAIN ENTRY--PERSONAL NAME
Personal name Chavunduka, Gordon Lloyd
9 (RLIN) 41737
245 ## - TITLE STATEMENT
Title Interaction of folk and scientific beliefs in Shona medical practices
Statement of responsibility, etc Gordon L. Chavhunduka
260 ## - PUBLICATION, DISTRIBUTION, ETC. (IMPRINT)
Place of publication, distribution, etc London
Name of publisher, distributor, etc University of London
Date of publication, distribution, etc 1972
300 ## - PHYSICAL DESCRIPTION
Extent 156p. ;
650 ## - SUBJECT ADDED ENTRY--TOPICAL TERM
Topical term or geographic name as entry element Mashona (African people)
9 (RLIN) 41738
650 ## - SUBJECT ADDED ENTRY--TOPICAL TERM
Topical term or geographic name as entry element Medicine, Traditional
Geographic subdivision Zimbabwe
9 (RLIN) 41739
942 ## - ADDED ENTRY ELEMENTS (KOHA)
Source of classification or shelving scheme Library of Congress Classification
Koha item type SPC
Holdings
Withdrawn status Lost status Source of classification or shelving scheme Damaged status Not for loan Collection code Home library Current library Shelving location Date acquired Total Checkouts Full call number Barcode Date last seen Copy number Price effective from Koha item type
    Library of Congress Classification     SPECIAL Collection ARRUPE LIBRARY ARRUPE LIBRARY REFERENCE 07/03/2013   SPC. GN645.C34 1972 46600001497 07/03/2013 1 07/03/2013 Monograph ( Printed materials)

 

Arrupe Library. PO Box MP320 Mt Pleasant, Harare, Zimbabwe
263 242 745411|librarian@aju.ac.zw